La patria al hombro : y otras obras teatrales sobre la historia de las mujeres en la Argentina /
Cuatro obras de teatro que presentan momentos y protagonistas fundamentales para la historia de nuestro país y nuestra provincia. Se retratan personajes femeninos que marcaron hitos: las maestras de Sarmiento y las niñas a quienes enseñaron, Eva Perón y una amiga confidente, Remedios de Escalada, la...
Guardado en:
| Autor Principal: | |
|---|---|
| Otros Autores: | |
| Formato: | Libro |
| Idioma: | Undetermined |
| Publicado: |
Buenos Aires :
Larsen,
2023.
|
| Edición: | 2a ed. |
| Series: | Identidades bonaerenses
|
| Materias: | |
| Etiquetas: |
Agregar Etiqueta
Sin Etiquetas, Sea el primero en etiquetar este registro!
|
| LEADER | 01819nam a22002895a 4500 | ||
|---|---|---|---|
| 001 | CEM.cems024789 | ||
| 008 | 250710s2023####ag############000#0#und#d | ||
| 005 | 20250829125904.0 | ||
| 245 | 1 | 0 | |a La patria al hombro : |b y otras obras teatrales sobre la historia de las mujeres en la Argentina / |c Adriana Tursi ; prólogo de Pacho O'Donell. |
| 250 | |a 2a ed. | ||
| 260 | |a Buenos Aires : |b Larsen, |c 2023. | ||
| 300 | |a 159 p. | ||
| 490 | 1 | |a Identidades bonaerenses | |
| 500 | |a Edición especial de la Dirección de Cultura y Educación de la Provincia de Buenos Aires. | ||
| 500 | |a Sugerencia de edad: a partir de ciclo básico. | ||
| 505 | 0 | |a Prólogo / Pacho O'Donell -- La patria al hombro -- Las costureras -- Remedios, una mujer sin patria -- Los sirvientes | |
| 520 | |a Cuatro obras de teatro que presentan momentos y protagonistas fundamentales para la historia de nuestro país y nuestra provincia. Se retratan personajes femeninos que marcaron hitos: las maestras de Sarmiento y las niñas a quienes enseñaron, Eva Perón y una amiga confidente, Remedios de Escalada, las sirvientas y los sirvientes de Isabel tras la muerte del presidente Perón. Esta obra constituye un texto clave para rescatar las voces de las mujeres y complejizar la mirada sobre la memoria y la construcción de nuestras identidades. | ||
| 020 | |a 9789871458660 | ||
| 100 | 1 | |a Tursi, Adriana. | |
| 700 | 1 | |a O'Donell, Pacho; prol. | |
| 653 | |a Teatro argentino | ||
| 653 | |a Literatura argentina | ||
| 653 | |a Identidades bonaerenses | ||
| 859 | |a CEMS |b BIB. CEMS - Agricultura |h A862.4 |i T869 |p A4003.25 |t Ej.1 | ||
| 859 | |a CEMS |b BIB. CEMS - Ccias. Educacion |h A862.4 |i T869 |k CE |p 30096.25 |t Ej.1 | ||
| 859 | |a CEMS |b BIB. CEMS - 11 de abril |h A862.4 |i T869-1 |p 30094.25 |t Ej.1 | ||
| 859 | |a CEMS |b BIB. CEMS - 11 de abril |h A862.4 |i T869-1 |p 30095.25 |t Ej.2 | ||
